Normal view
MARC view
Entry Personal Name
001 - CONTROL NUMBER
- control field: 727624
003 - CONTROL NUMBER IDENTIFIER
- control field: OSt
005 - DATE AND TIME OF LATEST TRANSACTION
- control field: 20241129110250.0
008 - FIXED-LENGTH DATA ELEMENTS
- fixed length control field: 241129|| aca||aabn | a|a d
040 ## - CATALOGING SOURCE
- Original cataloging agency: OSt
- Transcribing agency: OSt
100 ## - HEADING--PERSONAL NAME
- Personal name: Rajesh Singh Ed.; Sukula Shiva Kanaujia Ed
670 ## - SOURCE DATA FOUND
- Source citation: Work cat.: (OSt)1227955: Rajesh Singh Ed.; Sukula Shiva Kanaujia Ed., Library and research ecosystem management framework and advoccy, 2024
